Héros littéraires par images - Statistiques

Statistiques générales
  • Ce quiz a été pris 69 fois
  • Le résultat moyen est 8 sur 16
Statistiques - réponses
Par images Réponse % Correct
Le Petit Prince
100%
Frankenstein
86%
La Bête
81%
Arsène Lupin
79%
d’Artagnan
79%
Gandalf
68%
Esmeralda
67%
Dracula
54%
Sherlock Holmes
54%
Harpagon
49%
Cyrano
33%
Le Cid
26%
Barbe Bleue
18%
Faust
7%
Jay Gatsby
2%
Roméo Montaigu et Juliette Capulet
2%
Aucun quiz correspondant
Distribution des résultats
% des personnes avec chaque résultat
Percentile par nombre de réponses
Votre historique - résultats
Vous n’avez pas pris ce quiz